| 000 | 00588nam a22002177a 4500 | ||
|---|---|---|---|
| 001 | 000509 | ||
| 003 | DO-SdBNP | ||
| 005 | 20171214115638.0 | ||
| 007 | 000509 | ||
| 008 | 160916b 1998 sp a ||||| |||| 00| 0 spa d | ||
| 020 | _a8449405483 | ||
| 040 |
_aBPMSU _bspa _cBPMSU |
||
| 092 |
_axxxxxx _bxxxxxx |
||
| 245 | 0 | 0 | _aAprende computación. |
| 246 | 0 | 0 | _aNueva aprende computación |
| 260 |
_aBarcelona : _bOceano, _c[1997]. |
||
| 300 |
_a88 p. : _bil. ; _c26 cm. |
||
| 942 |
_2ddc _cBK |
||
| 945 | _ainventariado extranjero / DG | ||
| 956 |
_2LOPEREZ _310 _620160916 _8BPMSU _a00041 |
||
| 999 |
_c11429 _d11429 |
||